Doodle God: Alchemy Craft DIY elements - Statistics

General Stats
  • This quiz has been taken 70 times
  • The average score is 266 of 454
Answer Stats
# ELEMENTS % Correct
1 AI
100%
4 air
100%
15 apple
100%
47 boat
100%
64 car
100%
69 cat
100%
119 dog
100%
122 dragon
100%
127 earth
100%
130 electricity
100%
144 fire
100%
147 fish
100%
169 ghost
100%
193 house
100%
218 lava
100%
225 life
100%
226 light
100%
238 man
100%
239 meat
100%
243 metal
100%
283 paper
100%
339 robot
100%
355 sea
100%
384 steam
100%
389 stone
100%
416 tree
100%
425 vampire
100%
433 water
100%
446 wood
100%
454 zombie
100%
5 airplane
83%
7 alcohol
83%
11 ant
83%
30 bank
83%
36 bear
83%
39 bee
83%
44 bird
83%
53 bow
83%
54 bread
83%
67 castle
83%
77 cheese
83%
81 city
83%
82 clay
83%
84 cloud
83%
86 coal
83%
95 corpse
83%
98 crab
83%
103 cyborg
83%
104 death
83%
116 dinosaur
83%
125 dust
83%
126 eagle
83%
129 egg
83%
134 energy
83%
151 flour
83%
171 glass
83%
174 golem
83%
187 helicopter
83%
197 ice
83%
210 king
83%
211 knight
83%
230 limestone
83%
231 lion
83%
232 lizard
83%
245 milk
83%
251 money
83%
255 mountain
83%
273 oil
83%
296 pig
83%
302 plasma
83%
308 poison
83%
319 pterodactyl
83%
329 rain
83%
344 ruins
83%
349 sand
83%
352 science
83%
360 sheep
83%
364 sin
83%
369 snake
83%
370 snow
83%
385 steam engine
83%
396 sun
83%
398 swamp
83%
409 tiger
83%
430 volcano
83%
438 werewolf
83%
439 whale
83%
441 wheel
83%
445 woman
83%
450 worm
83%
3 acid
67%
9 alien
67%
10 angel
67%
23 astronaut
67%
29 bacteria
67%
32 bat
67%
35 beach
67%
37 beast
67%
40 beetle
67%
46 blood
67%
48 boiler
67%
51 book
67%
55 bricks
67%
58 butterfly
67%
66 cart
67%
59 CD
67%
74 cement
67%
79 chicken
67%
90 computer
67%
92 concrete
67%
97 cow
67%
109 demigod
67%
110 demo
67%
120 dolphin
67%
121 dough
67%
124 duck
67%
131 elephant
67%
152 flower
67%
154 food
67%
156 forest
67%
162 frog
67%
163 frost
67%
172 gluttony
67%
176 grass
67%
189 hero
67%
191 hippo
67%
195 hut
67%
200 iceberg
67%
198 ice cream
67%
209 kangaroo
67%
213 koala
67%
215 lake
67%
221 leather
67%
222 leaves
67%
228 lightning
67%
237 magic
67%
240 mechanism
67%
241 medicine
67%
257 mouse
67%
259 mummy
67%
262 mushroom
67%
263 music
67%
265 nanobot
67%
271 oasis
67%
278 ostrich
67%
279 owl
67%
281 palm tree
67%
282 panda
67%
287 pegasus
67%
291 phoenix
67%
292 phone
67%
295 pie
67%
297 pigeon
67%
300 planet
67%
301 plankton
67%
311 polar bear
67%
316 prayer
67%
322 quicksilver
67%
326 radiation
67%
328 raft
67%
330 rainbow
67%
331 ram
67%
333 rat
67%
341 rocket
67%
353 scientist
67%
354 scorpion
67%
359 shark
67%
361 shells
67%
362 ship
67%
365 skeleton
67%
366 skyscraper
67%
376 spaceship
67%
383 steak
67%
386 steamship
67%
391 storm
67%
394 sugar
67%
395 sulfur
67%
397 sunflower
67%
402 tank
67%
408 thunderbird
67%
410 tools
67%
411 torch
67%
399 T-Rex
67%
417 triceratops
67%
418 tsunami
67%
420 turtle
67%
422 UFO
67%
423 unicorn
67%
427 village
67%
429 void
67%
440 wheat
67%
443 wizard
67%
444 wolf
67%
451 wrath
67%
2 AK-47
50%
6 albatross
50%
8 algebra
50%
12 anteater
50%
14 antibiotics
50%
19 armageddon
50%
18 army
50%
20 ash
50%
21 assassin
50%
22 astronomy
50%
24 atheism
50%
25 atlantis
50%
26 atmosphere
50%
31 bars
50%
33 battle cruiser
50%
34 bazooka
50%
38 beaver
50%
28 BFG 9000
50%
45 biological weapon
50%
43 biology
50%
49 bomb
50%
50 bomber
50%
52 bottle
50%
57 bushes
50%
60 cachalot
50%
62 candle
50%
63 cannon
50%
68 castle wall
50%
70 catacombs
50%
71 catapult
50%
72 cellphone
50%
75 ceramics
50%
76 chariot
50%
78 chemical weapon
50%
83 clock
50%
85 clothing
50%
87 cockroach
50%
88 coffee
50%
89 commandments
50%
91 communism
50%
93 cookies
50%
94 copyright
50%
96 corruption
50%
99 credit card
50%
100 crocodile
50%
101 cybernetics
50%
102 cyberspace
50%
105 death metal
50%
106 death ray gun
50%
107 debt
50%
113 democracy
50%
111 desert eagle
50%
114 dictatorship
50%
115 dingo
50%
117 diseases
50%
118 disintegrator
50%
123 drowned
50%
128 earthquake
50%
135 envy
50%
136 epidemic
50%
138 fabric
50%
139 falcon
50%
140 feather
50%
141 fern
50%
142 fertilizer
50%
143 field
50%
146 firearm
50%
148 flamethrower
50%
137 FM radio
50%
155 force field
50%
158 fox
50%
159 freezer
50%
160 friendship
50%
161 frigate
50%
164 fun
50%
165 gambling
50%
166 games
50%
167 gem
50%
168 geometry
50%
170 ghoul
50%
173 gold
50%
177 grave
50%
178 graveyard
50%
179 greed
50%
180 grif
50%
181 griffon
50%
182 gunpowder
50%
183 hacker
50%
184 hamster
50%
186 hedgehog
50%
188 heresy
50%
192 horse
50%
194 hunter
50%
196 hyena
50%
199 ice storm
50%
203 innkeeper
50%
204 internet
50%
205 jaguar
50%
206 jellyfish
50%
207 jerboa
50%
208 journalist
50%
212 knowledge
50%
214 ladybug
50%
216 land mine
50%
217 laser
50%
219 law
50%
229 lightbulb
50%
227 light saber
50%
233 llama
50%
234 locomotive
50%
235 lumber
50%
249 missile
50%
253 mosquito
50%
254 moss
50%
256 mountain goat
50%
258 mud
50%
261 murder
50%
266 napalm
50%
269 noble
50%
270 nuclear bomb
50%
272 octopus
50%
284 parchment
50%
286 peasant
50%
288 penguin
50%
290 philosophers stone
50%
299 piranha
50%
303 plasmagun
50%
305 plow
50%
306 plowman
50%
307 plutonium
50%
310 poisoned weapon
50%
314 porcupine
50%
317 pride
50%
318 psychology
50%
320 puma
50%
321 pyramid
50%
323 rabbit
50%
325 radar
50%
327 radiowave
50%
332 ranger
50%
335 reed
50%
337 religion
50%
338 rhino
50%
340 rock-n-roll
50%
342 rockshaper
50%
343 rooster
50%
345 rust
50%
347 salt
50%
348 saltpetre
50%
350 satellite
50%
351 savannah
50%
356 seagull
50%
357 sect
50%
358 seeds
50%
363 siege tower
50%
367 sloth
50%
372 soldier
50%
378 spider
50%
380 squid
50%
382 statue
50%
387 stick
50%
390 stone circle
50%
393 suffering
50%
403 team
50%
400 TNT
50%
412 torture
50%
413 tower
50%
414 trap
50%
415 treant
50%
401 TV
50%
421 typewriter
50%
428 virus
50%
431 war
50%
432 warrior
50%
435 waterfall
50%
436 weapon
50%
448 woodpecker
50%
447 wool
50%
449 work
50%
452 yeti
50%
13 antelope
33%
16 aquarium
33%
17 armor
33%
27 avalanche
33%
41 Bell
33%
42 berries
33%
56 buffalo
33%
61 camel
33%
65 carnivorous flower
33%
73 cellulose
33%
80 cinema
33%
108 deer
33%
112 desman
33%
133 empire
33%
145 fire elemental
33%
149 flatfish
33%
150 flatlands
33%
153 flying
33%
157 forge
33%
175 grampus
33%
185 hand grenade
33%
190 heron
33%
201 iguana
33%
202 inferno
33%
220 lawyer
33%
223 leech
33%
224 lemur
33%
236 lynx
33%
242 mermaid
33%
244 militia
33%
246 mill
33%
247 mine
33%
248 mink
33%
252 monkey
33%
260 muraena
33%
264 mutant
33%
267 necklace
33%
268 neural networks
33%
274 omelet
33%
275 opossum
33%
276 optics
33%
277 ore
33%
280 paints
33%
285 parrot
33%
289 philosophy
33%
293 photo
33%
294 pickaxe
33%
298 pike
33%
304 platypus
33%
309 poison gas
33%
312 policeman
33%
313 politician
33%
315 power
33%
324 raccoon
33%
334 raven
33%
346 rusty weapon
33%
368 smith
33%
371 social network
33%
373 soul
33%
374 soup
33%
375 space marine
33%
377 spark
33%
379 spore
33%
381 squirrel
33%
388 stingray
33%
392 submarine
33%
404 telegraph
33%
405 termite
33%
406 terrorism
33%
407 theft
33%
419 turkey
33%
424 vacuum bomb
33%
426 varan
33%
434 water lily
33%
437 weeds
33%
442 wild boar
33%
453 zebra
33%
132 elk
17%
250 mole
17%
336 reindeer
17%
No matching quizzes found
Score Distribution
Percent of People with Each Score
Percentile by Number Answered
Your Score History
You have not taken this quiz